| 000 | 00772nam a2200253 a 4500 | ||
|---|---|---|---|
| 001 | 70894 | ||
| 003 | BD-RjUL | ||
| 005 | 20211209082042.0 | ||
| 008 | 170422s1991 ii a|||| b||| 001 0 eng d | ||
| 035 | _a(BD-RjUL)71108 | ||
| 040 |
_aBD-RjUL _beng _cBD-RjUL _dBD-RjUL |
||
| 041 | _aeng | ||
| 082 |
_223 _a541.39 _bGUO 1991 |
||
| 100 |
_aGurtu, J. N. _9209809 |
||
| 245 | 1 | 0 |
_aOrganic reactions and reagents / _cJ. N. Gurtu and R. Kapoor |
| 250 | _a2nd ed. | ||
| 260 |
_aNew Delhi : _bS. Chand & company Ltd., _c1991 |
||
| 300 |
_aviii, 568 p. : _bill. ; _c23 cm |
||
| 504 | _aIncludes bibliographical references and index | ||
| 650 |
_aChemical reactions. _9209810 |
||
| 650 |
_aChemical tests and reagents. _9209811 |
||
| 700 |
_aKapoor, R. _9209812 |
||
| 942 |
_2ddc _cBK |
||
| 999 |
_c70894 _d70894 |
||